000 00749 a2200229 4500
005 20260319161236.0
008 260319b |||||||| |||| 00| 0 eng d
020 _a9788119230167 (hbk)
037 _cTB
040 _aCRL
_cCRL
041 _2URD
_aURD
084 _aO168,3N26:g R3
_bCRL
100 _aThokar, Mohammad Younus
_91115545
245 _aQurratul Ain Haidar ke novelon mein tanisi adab-o-rang
260 _aLucknow, India:
_bMatterlink Publishers,
_c2023.
300 _a175p.
365 _b500.00
_cINR
650 _aUrdu Literature
650 _aUrdu Fiction
942 _cTB
_2CC
_hO168,3N26:g R3
999 _c1679518
_d1679518